<?xml version="1.0" encoding="UTF-8"?>
<record
    xmlns:xsi="http://www.w3.org/2001/XMLSchema-instance"
    xsi:schemaLocation="http://www.loc.gov/MARC21/slim http://www.loc.gov/standards/marcxml/schema/MARC21slim.xsd"
    xmlns="http://www.loc.gov/MARC21/slim">

  <leader>02054nam a2200313 i 4500</leader>
  <controlfield tag="003">DO-SdBNP</controlfield>
  <controlfield tag="005">20231121105659.0</controlfield>
  <controlfield tag="007">ta</controlfield>
  <controlfield tag="008">110413s2012    dr            000 j spa d</controlfield>
  <datafield tag="020" ind1=" " ind2=" ">
    <subfield code="a">9789945475371</subfield>
  </datafield>
  <datafield tag="040" ind1=" " ind2=" ">
    <subfield code="a">DO-SdBNP</subfield>
    <subfield code="b">spa</subfield>
    <subfield code="c">BNPHU</subfield>
    <subfield code="e">rda</subfield>
  </datafield>
  <datafield tag="082" ind1=" " ind2=" ">
    <subfield code="b">C352</subfield>
    <subfield code="2">22</subfield>
  </datafield>
  <datafield tag="100" ind1=" " ind2=" ">
    <subfield code="a">Castillo Rold&#xE1;n, Juan Miguel,</subfield>
    <subfield code="9">83333</subfield>
  </datafield>
  <datafield tag="245" ind1="1" ind2="0">
    <subfield code="a">Payola :</subfield>
    <subfield code="b">derecho e industria musical /</subfield>
    <subfield code="c">Juan Miguel Castillo Rold&#xE1;n ; presentaci&#xF3;n Juan Manuel Guerrero De Jes&#xFA;s ; pr&#xF3;logo Manuel Tejada </subfield>
  </datafield>
  <datafield tag="264" ind1=" " ind2="1">
    <subfield code="a">Santo Domingo :</subfield>
    <subfield code="b">Ferilibro,</subfield>
    <subfield code="c">2012.</subfield>
  </datafield>
  <datafield tag="300" ind1=" " ind2=" ">
    <subfield code="a">170 p&#xE1;ginas </subfield>
    <subfield code="c">23 cm.</subfield>
  </datafield>
  <datafield tag="336" ind1=" " ind2=" ">
    <subfield code="2">rdacontent</subfield>
    <subfield code="a">texto</subfield>
    <subfield code="b">txt</subfield>
  </datafield>
  <datafield tag="337" ind1=" " ind2=" ">
    <subfield code="2">rdamedia</subfield>
    <subfield code="a">sin mediaci&#xF3;n </subfield>
    <subfield code="b">n</subfield>
  </datafield>
  <datafield tag="338" ind1=" " ind2=" ">
    <subfield code="2">rdacarrier</subfield>
    <subfield code="a">volumen</subfield>
    <subfield code="b">nc</subfield>
  </datafield>
  <datafield tag="500" ind1=" " ind2=" ">
    <subfield code="a">Incluye datos biogr&#xE1;ficos del autor en la solapas. </subfield>
  </datafield>
  <datafield tag="500" ind1=" " ind2=" ">
    <subfield code="a">Incluye notas a pie de p&#xE1;ginas.</subfield>
  </datafield>
  <datafield tag="504" ind1=" " ind2=" ">
    <subfield code="a">Bibliograf&#xED;a p: 147-158</subfield>
  </datafield>
  <datafield tag="520" ind1=" " ind2=" ">
    <subfield code="a">El presente estudio tiene como objeto de investigaci&#xF3;n y an&#xE1;lisis jur&#xED;dico un fen&#xF3;meno altamente controversial que ocurre de manera preocupante habitual en la cotidianidad de la industria musical y los medios de radiodifusi&#xF3;n sonora: la payola. El autor demuestra que este fen&#xF3;meno no levita libremente sobre las normas, exento de violaciones o repercusiones jur&#xED;dicas. La payola es una pr&#xE1;ctica abiertamente antijur&#xED;dica, violatoria de derechos individuales y colectivos positivizados en nuestro ordenamiento jur&#xED;dico y, adem&#xE1;s, clasificables en tres grupos: derecho cultural, derecho patrimonial de comunicaci&#xF3;n p&#xFA;blica del autor y derecho de las competencias.
Payola, Derechos e industria musical es un estudio que destaca por su enjundia y por el rigor cient&#xED;fico con que su autor asume la tarea bien lograda y desde perspectivas distintas, de conjurar los mitos y la irresponsabilidad anecd&#xF3;tica y maniquea urdidos tradicionalmente alrededor del tema. </subfield>
  </datafield>
  <datafield tag="590" ind1=" " ind2=" ">
    <subfield code="a">Inventariado, 2023/ YL</subfield>
  </datafield>
  <datafield tag="700" ind1="1" ind2=" ">
    <subfield code="a">Guerrero De Jes&#xFA;s, Juan Manuel</subfield>
    <subfield code="e">presentaci&#xF3;n</subfield>
    <subfield code="9">84653</subfield>
  </datafield>
  <datafield tag="700" ind1="1" ind2=" ">
    <subfield code="a">Tejada, Manuel</subfield>
    <subfield code="e">pr&#xF3;logo</subfield>
    <subfield code="9">84654</subfield>
  </datafield>
  <datafield tag="910" ind1=" " ind2=" ">
    <subfield code="a">YLockward</subfield>
  </datafield>
  <datafield tag="942" ind1=" " ind2=" ">
    <subfield code="2">ddc</subfield>
    <subfield code="c">LBS1</subfield>
  </datafield>
  <datafield tag="952" ind1=" " ind2=" ">
    <subfield code="0">0</subfield>
    <subfield code="1">0</subfield>
    <subfield code="2">ddc</subfield>
    <subfield code="5">1</subfield>
    <subfield code="7">0</subfield>
    <subfield code="8">PD</subfield>
    <subfield code="a">BNPHU</subfield>
    <subfield code="b">BNPHU</subfield>
    <subfield code="c">CT</subfield>
    <subfield code="d">2023-08-15</subfield>
    <subfield code="e">Isabel Medina</subfield>
    <subfield code="l">0</subfield>
    <subfield code="o">BNPHU PD C352</subfield>
    <subfield code="p">2023-7915</subfield>
    <subfield code="r">2023-11-21</subfield>
    <subfield code="w">2023-11-21</subfield>
    <subfield code="y">LBS1</subfield>
  </datafield>
  <datafield tag="999" ind1=" " ind2=" ">
    <subfield code="c">55537</subfield>
    <subfield code="d">55537</subfield>
  </datafield>
</record>
